000 00845nam a22002297a 4500
008 130821s2004 xxua gr eng
020 _a0691089299
040 _aCo-BoUCM
_bspa
041 0 0 _aeng
100 1 _aLando, David
_d1964-
245 1 0 _aCredit risk modeling theory and applications
_cDavid Lando
260 _aPrinceton (Nueva Jersey, Estados Unidos)
_bPrinceton University Press
_c2004
300 _axvi, 310 páginas
_bilustraciones, tablas, cuadros
490 0 _aPrinceton series in finance
504 _aIncluye bibliografía e índice
650 0 4 _aAdministración de créditos
_98536
650 0 4 _aAdministración de riesgos
_98574
650 0 4 _aAdministración financiera
_98594
650 0 4 _aCrédito
_xAdministración
_912109
942 _a1
_e1
_kR
_mL258c
_cLIBROREF
_2DEWEY
_h332.7
999 _c89898
_d89898